[Event "Landesklasse West 2013/2014"]
[Site "?"]
[Date "2014.01.12"]
[Round "5"]
[White "Müller, Sebastian"]
[Black "Schorch, Rüdiger"]
[Result "0-1"]
[WhiteElo "1885"]
[BlackElo "1861"]
[PlyCount "104"]
[EventDate "2014.??.??"]
[WhiteTeam "Schachclub Rochade Leinefelde"]
[BlackTeam "SV Ammern"]

1. e4 c5 2. Nf3 Nc6 3. d4 cxd4 4. Nxd4 Nf6 5. Nc3 g6 6. Nxc6 bxc6 7. e5 Ng8 8.
Bc4 Bg7 9. Bf4 Qa5 10. O-O Bxe5 11. Bxe5 Qxe5 12. Re1 Qc7 13. Qd4 f6 14. Bxg8
Rxg8 15. Nd5 cxd5 16. Qxd5 e6 17. Qxa8 Kf7 18. Qe4 h5 19. Rad1 Bb7 20. Qd4 Bc6
21. Qd6 Qb7 22. b4 Qa6 23. c3 Qc4 24. Qd4 Qb5 25. Qc5 Qxc5 26. bxc5 Rc8 27. Rd4
e5 28. Rb4 a5 29. Rb6 Ba4 30. c6 Bxc6 31. Ra6 a4 32. f3 Rb8 33. a3 Rb3 34. Ra1
Rxc3 35. Ra2 h4 36. h3 f5 37. Rb6 e4 38. fxe4 fxe4 39. Rb4 Ke6 40. Kf2 Ke5 41.
Rbb2 e3+ 42. Ke2 Bxg2 43. Rc2 Rb3 44. Rc4 Be4 45. Rb4 Kf4 46. Ra1 d5 47. Ra2
Kg3 48. Rxb3 axb3 49. Rb2 d4 50. Rxb3 Bf3+ 51. Ke1 Kxh3 52. Rd3 Kg2 0-1

[Event "Landesklasse West 2013/2014"]
[Site "?"]
[Date "2014.01.12"]
[Round "5"]
[White "Kampfhenkel, Ulrich"]
[Black "Petiko, Jakob"]
[Result "0-1"]
[WhiteElo "1931"]
[BlackElo "1910"]
[PlyCount "76"]
[EventDate "2014.??.??"]
[WhiteTeam "SV Ammern"]
[BlackTeam "Schachclub Rochade Leinefelde"]

1. e4 d6 2. d4 Nf6 3. Nc3 c6 4. Be2 Qa5 5. Bd2 e5 6. Nf3 Qc7 7. O-O Be7 8. a4
a5 9. h3 O-O 10. dxe5 dxe5 11. Bc4 Nbd7 12. Qe2 Nc5 13. Nh4 Re8 14. Qf3 Be6 15.
Bxe6 Nxe6 16. Ne2 Rad8 17. Be3 g6 18. Rad1 Nh5 19. Nf5 gxf5 20. Qxh5 f4 21. Bd2
Ng5 22. Qg4 Kh8 23. Qf5 Rg8 24. Bc3 f6 25. Kh2 Rg6 26. Rxd8+ Qxd8 27. Ng1 Qg8
28. Rd1 Ne6 29. Nf3 Rxg2+ 30. Kh1 Ng7 31. Qd7 Rxf2 32. Qxe7 Rxf3 33. Kh2 Ne8
34. Rg1 Rg3 35. Rd1 f3 36. Rd8 Rg2+ 37. Kh1 Rg1+ 38. Kh2 Qg2# 0-1

[Event "Landesklasse West 2013/2014"]
[Site "?"]
[Date "2014.01.12"]
[Round "5"]
[White "Frank, Thomas"]
[Black "Kurze, Christoph"]
[Result "1-0"]
[WhiteElo "1897"]
[BlackElo "1855"]
[PlyCount "99"]
[EventDate "2014.??.??"]
[WhiteTeam "Schachclub Rochade Leinefelde"]
[BlackTeam "SV Ammern"]

1. d4 Nf6 2. c4 e6 3. Nc3 Bb4 4. f3 c5 5. d5 Bxc3+ 6. bxc3 d6 7. e4 O-O 8. Bd3
Qa5 9. Ne2 Nbd7 10. Bf4 e5 11. Bg5 h6 12. Bd2 Nb6 13. Qb3 Bd7 14. a3 Ba4 15.
Qa2 Nc8 16. Rb1 Rb8 17. O-O Ne7 18. g4 g5 19. Ng3 Kg7 20. Kg2 Rh8 21. Rh1 Qc7
22. h4 Nh7 23. Nh5+ Kg6 24. f4 gxf4 25. Bxf4 exf4 26. e5+ f5 27. exf6+ Kf7 28.
fxe7 Kxe7 29. Qe2+ Kd8 30. Nxf4 Nf8 31. Bf5 Qg7 32. Rbe1 Bd7 33. Bxd7 Qxd7 34.
Ne6+ Nxe6 35. Qxe6 Qxe6 36. Rxe6 Kd7 37. Rhe1 Rh7 38. Rg6 Rf8 39. Kg3 Rhf7 40.
Re3 Rf1 41. Rxh6 Rg1+ 42. Kh3 Rh1+ 43. Kg2 Rff1 44. Rh7+ Kd8 45. h5 Rhg1+ 46.
Kh3 Rf4 47. Rg7 Rxc4 48. Kh4 a5 49. h6 Rh1+ 50. Rh3 1-0

[Event "Landesklasse West 2013/2014"]
[Site "?"]
[Date "2014.01.12"]
[Round "5"]
[White "Salaske, Peter"]
[Black "Pfitzenreuter, Gerald"]
[Result "1/2-1/2"]
[WhiteElo "1857"]
[BlackElo "1893"]
[PlyCount "31"]
[EventDate "2014.??.??"]
[WhiteTeam "SV Ammern"]
[BlackTeam "Schachclub Rochade Leinefelde"]

1. d4 d5 2. Nf3 c6 3. e3 Nf6 4. h3 Bf5 5. Nbd2 Nbd7 6. b3 e6 7. Bb2 h6 8. Be2
Bd6 9. c4 O-O 10. c5 Bc7 11. Rc1 Re8 12. O-O Ne4 13. Nxe4 Bxe4 14. Bd3 Bxd3 15.
Qxd3 e5 16. dxe5 1/2-1/2

[Event "Landesklasse West 2013/2014"]
[Site "?"]
[Date "2014.01.12"]
[Round "5"]
[White "Seeboth, Paul"]
[Black "Breuer, Harald"]
[Result "0-1"]
[WhiteElo "1819"]
[BlackElo "1845"]
[PlyCount "76"]
[EventDate "2014.??.??"]
[WhiteTeam "Schachclub Rochade Leinefelde"]
[BlackTeam "SV Ammern"]

1. e4 c5 2. Nf3 d6 3. d4 cxd4 4. Nxd4 Nf6 5. Nc3 a6 6. Be2 g6 7. a4 Bg7 8. Be3
O-O 9. O-O Nbd7 10. f3 Ne5 11. Qd2 Qc7 12. b3 Rd8 13. Bg5 e6 14. Rad1 Rd7 15.
Kh1 b6 16. Na2 d5 17. Bxf6 Bxf6 18. Qf4 Bg7 19. exd5 exd5 20. Qd2 Re7 21. Nb4
Bb7 22. f4 Nd7 23. Bf3 Nf6 24. f5 Rd8 25. fxg6 hxg6 26. Ne2 Ne4 27. Bxe4 Rxe4
28. c4 Rh4 29. Rf4 Bh6 30. Rxh4 Bxd2 31. Rxd2 Qe7 32. Rhd4 Qxb4 33. cxd5 Qxb3
34. Nf4 Qb1+ 35. Rd1 Qf5 36. h3 g5 37. Nh5 Kf8 38. d6 Qxh3+ 0-1

[Event "Landesklasse West 2013/2014"]
[Site "?"]
[Date "2014.01.12"]
[Round "5"]
[White "Hentrich, Jörg"]
[Black "Löffelholz, Christian"]
[Result "1-0"]
[WhiteElo "1727"]
[BlackElo "1726"]
[PlyCount "101"]
[EventDate "2014.??.??"]
[WhiteTeam "SV Ammern"]
[BlackTeam "Schachclub Rochade Leinefelde"]

1. e4 c5 2. d4 cxd4 3. c3 dxc3 4. Nxc3 Nc6 5. Nf3 d6 6. Bc4 e6 7. O-O Be7 8.
Qe2 a6 9. Rd1 Qc7 10. Bf4 Nf6 11. Rac1 O-O 12. h3 Nd7 13. Bb3 Nde5 14. Nd4 Rd8
15. Be3 Nxd4 16. Bxd4 Nc6 17. Be3 b5 18. Nd5 Qb7 19. Rxc6 exd5 20. Bxd5 Rb8 21.
Rdc1 Qd7 22. Rc7 Qe8 23. Ba7 Be6 24. Bxb8 Rxb8 25. Bxe6 fxe6 26. Ra7 Rb6 27.
Rcc7 Bf6 28. Qc2 Rb8 29. Rxa6 d5 30. Rac6 Rd8 31. Rc8 d4 32. Rxd8 Bxd8 33. e5
d3 34. Qxd3 Qxc6 35. Qxd8+ Kf7 36. Qd4 Qc1+ 37. Kh2 Qc6 38. f4 h6 39. Kg3 g5
40. fxg5 hxg5 41. Qf2+ Ke8 42. Qe2 Qd5 43. a3 Kd7 44. Kg4 Qb3 45. Kxg5 Qg3+ 46.
Kh5 Ke7 47. Qe4 Qb3 48. Qb4+ Qxb4 49. axb4 Kd7 50. g4 Kc6 51. g5 1-0

[Event "Landesklasse West 2013/2014"]
[Site "?"]
[Date "2014.01.12"]
[Round "5"]
[White "Essegern, Kurt"]
[Black "Klingler, Lutz"]
[Result "1/2-1/2"]
[WhiteElo "1963"]
[BlackElo "1974"]
[PlyCount "26"]
[EventDate "2014.??.??"]
[WhiteTeam "Randspringer Bad Salzungen"]
[BlackTeam "SV Schmalkalden 04"]

1. e4 c6 2. d4 d5 3. Nc3 dxe4 4. Nxe4 Bf5 5. Ng3 Bg6 6. h4 h6 7. h5 Bh7 8. Nf3
Nd7 9. Bd3 Bxd3 10. Qxd3 e6 11. Bd2 Ngf6 12. O-O-O Be7 13. Ne5 c5 1/2-1/2

[Event "Landesklasse West 2013/2014"]
[Site "?"]
[Date "2014.01.12"]
[Round "5"]
[White "Lesser, Thomas"]
[Black "Hübschmann, Holger"]
[Result "1/2-1/2"]
[WhiteElo "1855"]
[BlackElo "1894"]
[PlyCount "25"]
[EventDate "2014.??.??"]
[WhiteTeam "SV Schmalkalden 04"]
[BlackTeam "Randspringer Bad Salzungen"]

1. e4 e6 2. d4 d5 3. Nc3 Nf6 4. e5 Nfd7 5. f4 c5 6. Nf3 Nc6 7. Be3 a6 8. g3
cxd4 9. Nxd4 Nxd4 10. Bxd4 Bc5 11. Ne2 Bxd4 12. Qxd4 Qc7 13. c3 1/2-1/2

[Event "Landesklasse West 2013/2014"]
[Site "?"]
[Date "2014.01.12"]
[Round "5"]
[White "Essegern, Uwe"]
[Black "Bamberg, Alexander"]
[Result "1/2-1/2"]
[WhiteElo "1864"]
[BlackElo "1853"]
[PlyCount "54"]
[EventDate "2014.??.??"]
[WhiteTeam "Randspringer Bad Salzungen"]
[BlackTeam "SV Schmalkalden 04"]

1. e4 c5 2. Nf3 d6 3. d4 cxd4 4. Nxd4 g6 5. Nc3 Nf6 6. Be3 Bg7 7. f3 Nc6 8. Qd2
O-O 9. g4 Bd7 10. O-O-O a6 11. Kb1 Rc8 12. h4 h5 13. gxh5 Nxh5 14. Nxc6 Bxc6
15. Bh3 Bd7 16. Bd4 Bxd4 17. Qxd4 Bxh3 18. Rxh3 Qc7 19. Rd2 Qc5 20. Qxc5 Rxc5
21. Ne2 Rfc8 22. a4 Kg7 23. Rh1 Rh8 24. b3 Nf6 25. Nf4 Kf8 26. Kb2 Nh5 27. Nd3
Rc8 1/2-1/2

[Event "Landesklasse West 2013/2014"]
[Site "?"]
[Date "2014.01.12"]
[Round "5"]
[White "Wissel, Daniel"]
[Black "Roth, Ralf"]
[Result "1/2-1/2"]
[WhiteElo "1863"]
[BlackElo "1867"]
[PlyCount "52"]
[EventDate "2014.??.??"]
[WhiteTeam "SV Schmalkalden 04"]
[BlackTeam "Randspringer Bad Salzungen"]

1. e4 d6 2. d4 Nf6 3. Nc3 g6 4. Nf3 Bg7 5. Bc4 O-O 6. O-O Nxe4 7. Bxf7+ Rxf7 8.
Nxe4 Bg4 9. Neg5 Rf8 10. d5 h6 11. Ne6 Bxe6 12. dxe6 Qc8 13. Re1 Na6 14. Qd3
Qe8 15. Be3 c6 16. Qd2 Kh7 17. Bd4 Nc7 18. Bxg7 Kxg7 19. Re4 Rf6 20. Rae1 Qg8
21. Qc3 Kh7 22. Qb3 b6 23. Nd4 Qe8 24. Qh3 c5 25. Nf3 Kg7 26. Rh4 Qg8 1/2-1/2

[Event "Landesklasse West 2013/2014"]
[Site "?"]
[Date "2014.01.12"]
[Round "5"]
[White "Schulz, Tilo"]
[Black "Burkhardt, Christian"]
[Result "1/2-1/2"]
[WhiteElo "1873"]
[BlackElo "1695"]
[PlyCount "32"]
[EventDate "2014.??.??"]
[WhiteTeam "Randspringer Bad Salzungen"]
[BlackTeam "SV Schmalkalden 04"]

1. d4 d5 2. c4 e6 3. Nc3 Nf6 4. Bg5 Be7 5. e3 Nbd7 6. Nf3 O-O 7. Rc1 c6 8. Bd3
dxc4 9. Bxc4 Nd5 10. Bxe7 Qxe7 11. O-O Nxc3 12. Rxc3 e5 13. Qc2 exd4 14. exd4
Nb6 15. Re3 Qd8 16. Bb3 Nd5 1/2-1/2

[Event "Landesklasse West 2013/2014"]
[Site "?"]
[Date "2014.01.12"]
[Round "5"]
[White "Weigend, Joachim"]
[Black "Feldmann, Bernd"]
[Result "1/2-1/2"]
[WhiteElo "1797"]
[BlackElo "1817"]
[PlyCount "82"]
[EventDate "2014.??.??"]
[WhiteTeam "SV Schmalkalden 04"]
[BlackTeam "Randspringer Bad Salzungen"]

1. d4 d5 2. c4 e6 3. Nc3 f5 4. g3 Nf6 5. Bg2 c6 6. cxd5 exd5 7. Bg5 Bd6 8. e3
O-O 9. Nge2 Qe8 10. O-O Nbd7 11. Bxf6 Nxf6 12. Rc1 Ne4 13. Nf4 Rf6 14. Re1 Rh6
15. f3 Nxc3 16. bxc3 g5 17. Nh3 Qh5 18. Kf2 Bd7 19. c4 dxc4 20. d5 c5 21. f4
Qxd1 22. Rexd1 g4 23. Ng5 Rg6 24. Rxc4 b5 25. Rcc1 c4 26. Ne6 Rc8 27. e4 Bxe6
28. dxe6 Rxe6 29. exf5 Bc5+ 30. Kf1 Rd6 31. Rxd6 Bxd6 32. Bd5+ Kg7 33. Be6 Rc7
34. f6+ Kxf6 35. Bxg4 a5 36. Be2 h6 37. a4 Ba3 38. Rc2 b4 39. Bxc4 Rd7 40. Ke2
Rd4 41. Bb3 Re4+ 1/2-1/2

[Event "Landesklasse West 2013/2014"]
[Site "?"]
[Date "2014.01.12"]
[Round "5"]
[White "Kunze, Heinz"]
[Black "Röder, Detlef"]
[Result "1-0"]
[WhiteElo "1693"]
[BlackElo "1666"]
[PlyCount "140"]
[EventDate "2014.??.??"]
[WhiteTeam "Randspringer Bad Salzungen"]
[BlackTeam "SV Schmalkalden 04"]

1. e4 c6 2. d4 d5 3. Bd3 dxe4 4. Bxe4 Nf6 5. Bf3 Bf5 6. Ne2 e6 7. O-O Bd6 8.
Bg5 Qc7 9. h3 Nbd7 10. Nd2 h6 11. Bh4 O-O 12. Nc4 Ne4 13. Bxe4 Bxe4 14. Nxd6
Qxd6 15. Bg3 Qe7 16. Nc3 Bg6 17. Re1 Nb6 18. Ne4 Bxe4 19. Rxe4 Nc4 20. Qd3 Nd6
21. Bxd6 Qxd6 22. Qe3 Rfd8 23. c3 Rd7 24. Re1 Qe7 25. Rg4 Qf6 26. Qg3 Rc8 27.
Re3 Rd5 28. Re5 c5 29. Rxd5 exd5 30. dxc5 g6 31. Qe3 Kg7 32. b4 Rc7 33. Rd4 Qf5
34. Qd3 Qg5 35. Rxd5 Qc1+ 36. Kh2 Qf4+ 37. Qg3 Qxg3+ 38. Kxg3 Kf6 39. Kf4 Re7
40. Rd6+ Kg7 41. Rd2 Kf8 42. Kf3 Rc7 43. Rd3 b6 44. cxb6 axb6 45. Ke3 Re7+ 46.
Kf3 Ra7 47. Rd2 Ra3 48. Rc2 Ke7 49. Ke3 Kd6 50. Kd4 Kc6 51. c4 b5 52. c5 Ra4
53. Rb2 Ra7 54. Ke5 Kd7 55. Kf6 Ke8 56. Re2+ Kf8 57. Rd2 Ke8 58. Ke5 Ra4 59.
Rb2 Ra6 60. Kd4 Kd7 61. Kd5 Rf6 62. a3 Rf5+ 63. Ke4 Kc6 64. Rd2 Kc7 65. f3 Rf6
66. Rd6 Rxd6 67. cxd6+ Kxd6 68. Kd4 Kc6 69. Ke5 f6+ 70. Kxf6 Kd5 1-0

[Event "Landesklasse West 2013/2014"]
[Site "?"]
[Date "2014.01.12"]
[Round "5"]
[White "Himmel, Matthias"]
[Black "Mäurer, Michael"]
[Result "1/2-1/2"]
[WhiteElo "1552"]
[BlackElo "1592"]
[PlyCount "30"]
[EventDate "2014.??.??"]
[WhiteTeam "SV Schmalkalden 04"]
[BlackTeam "Randspringer Bad Salzungen"]

1. d4 d5 2. e3 c6 3. Bd3 e6 4. Nd2 f5 5. Ngf3 Nf6 6. Ne5 Bd6 7. f4 O-O 8. O-O
Nbd7 9. a3 Ne4 10. Nxe4 dxe4 11. Bc4 Nf6 12. Bd2 Bd7 13. Bb4 Qe7 14. Qd2 Bxb4
15. axb4 a6 1/2-1/2

[Event "Landesklasse West 2013/2014"]
[Site "?"]
[Date "2014.01.12"]
[Round "5"]
[White "Neef, Michael"]
[Black "Gast, Rainer"]
[Result "1-0"]
[WhiteElo "1867"]
[BlackElo "1878"]
[PlyCount "41"]
[EventDate "2014.??.??"]
[WhiteTeam "SV Wartburgstadt Eisenach"]
[BlackTeam "SV Breitenworbis"]

1. d4 d5 2. Nf3 Nf6 3. c4 e6 4. Nc3 Be7 5. Bf4 a6 6. c5 Nc6 7. a3 Ne4 8. Qc2 g5
9. Bg3 g4 10. Ne5 Nxd4 11. Qa4+ Nb5 12. Nxe4 dxe4 13. Rd1 Bd7 14. Rxd7 Qc8 15.
c6 bxc6 16. Rd1 f5 17. Nxc6 Bf6 18. Be5 Bxe5 19. Nxe5 O-O 20. e3 f4 21. Qxe4
1-0

[Event "Landesklasse West 2013/2014"]
[Site "?"]
[Date "2014.01.12"]
[Round "5"]
[White "Bötticher, Heinz-Wilfried"]
[Black "Schwarz, Hilmar"]
[Result "1-0"]
[WhiteElo "1828"]
[BlackElo "1775"]
[PlyCount "76"]
[EventDate "2014.??.??"]
[WhiteTeam "SV Breitenworbis"]
[BlackTeam "SV Wartburgstadt Eisenach"]

1. d4 d5 2. Nf3 f5 3. c4 e6 4. Nc3 c6 5. Qc2 Nf6 6. cxd5 exd5 7. Bg5 Be7 8. e3
O-O 9. Bd3 Ne4 10. Bxe7 Qxe7 11. O-O Nd7 12. a3 g5 13. b4 g4 14. Nd2 a6 15.
Rae1 Rf6 16. f3 Nxc3 17. Qxc3 Rh6 18. g3 Nf6 19. e4 gxf3 20. exf5 f2+ 21. Kxf2
Qd6 22. Nf3 Ne4+ 23. Bxe4 dxe4 24. Qc4+ Qd5 25. Qxd5+ cxd5 26. Nh4 Bd7 27. Rc1
Rf8 28. Ke3 Rh5 29. Rc5 Bc6 30. Kf4 Kg7 31. Kg4 Rh6 32. Kg5 Rf7 33. g4 b6 34.
Rc3 Bb5 35. f6+ Rhxf6 36. Rxf6 Rxf6 37. Nf5+ Kf7 38. Rc7+ Ke6 1-0

[Event "Landesklasse West 2013/2014"]
[Site "?"]
[Date "2014.01.12"]
[Round "5"]
[White "Königsdörfer, Gerhard"]
[Black "Leibeling, Lucian"]
[Result "1-0"]
[WhiteElo "1851"]
[BlackElo "1843"]
[PlyCount "71"]
[EventDate "2014.??.??"]
[WhiteTeam "SV Wartburgstadt Eisenach"]
[BlackTeam "SV Breitenworbis"]

1. e4 c5 2. Nf3 d6 3. d4 cxd4 4. Nxd4 Nf6 5. Nc3 g6 6. f4 Bg7 7. e5 dxe5 8.
fxe5 Nh5 9. Bb5+ Bd7 10. g4 e6 11. Be3 Bxe5 12. gxh5 O-O 13. Bxd7 Nxd7 14. Qe2
Rc8 15. O-O-O Rxc3 16. bxc3 Qa5 17. Qc4 Nb6 18. Qb3 Rc8 19. Ne2 Nc4 20. Bf2 Qa6
21. Rd3 Qc6 22. Rhd1 Qe4 23. h6 Bd6 24. Rxd6 Nxd6 25. Rxd6 Qxe2 26. Qxb7 Rf8
27. Rd2 Qc4 28. Rd3 Qf4+ 29. Be3 Qe5 30. Qf3 Rc8 31. Bd4 Qg5+ 32. Qe3 Qf5 33.
Qe5 Qxe5 34. Bxe5 Rf8 35. Bf6 Rc8 36. c4 1-0

[Event "Landesklasse West 2013/2014"]
[Site "?"]
[Date "2014.01.12"]
[Round "5"]
[White "Vergin, Marcel"]
[Black "Anschütz, Bernd"]
[Result "0-1"]
[WhiteElo "1698"]
[BlackElo "1759"]
[PlyCount "54"]
[EventDate "2014.??.??"]
[WhiteTeam "SV Breitenworbis"]
[BlackTeam "SV Wartburgstadt Eisenach"]

1. e4 c5 2. Nf3 a6 3. c4 Nc6 4. d4 cxd4 5. Nxd4 Nf6 6. Nc3 e6 7. f3 Be7 8. Be2
O-O 9. O-O b6 10. Be3 Bb7 11. Rc1 Re8 12. Na4 Rb8 13. Nc3 d6 14. Qd2 Ne5 15. h3
d5 16. cxd5 exd5 17. f4 Nc4 18. Bxc4 dxc4 19. e5 Nd5 20. Nxd5 Qxd5 21. Qe2 b5
22. Nf5 Bf8 23. Rcd1 Qe4 24. Ng3 Qc6 25. a3 Re6 26. Qf2 Rc8 27. Bd2 Bc5 0-1

[Event "Landesklasse West 2013/2014"]
[Site "?"]
[Date "2014.01.12"]
[Round "5"]
[White "Graupner, Markus"]
[Black "Biel, Peter"]
[Result "1/2-1/2"]
[WhiteElo "1651"]
[BlackElo "1624"]
[PlyCount "59"]
[EventDate "2014.??.??"]
[WhiteTeam "SV Wartburgstadt Eisenach"]
[BlackTeam "SV Breitenworbis"]

1. Nf3 c5 2. e4 d6 3. d3 Nc6 4. c3 Nf6 5. g3 g6 6. Bg2 Bg7 7. a4 O-O 8. O-O e5
9. Nbd2 d5 10. Qe2 Re8 11. h3 h6 12. Kh2 Be6 13. Re1 Qd7 14. a5 Qc7 15. a6 b5
16. exd5 Bxd5 17. Ne4 Nxe4 18. dxe4 Bc4 19. Qc2 Rad8 20. Bf1 Bxf1 21. Rxf1 Re6
22. Be3 Nb8 23. Rfd1 Red6 24. Rxd6 Qxd6 25. Ra2 Nxa6 26. Qb3 Qc6 27. Nd2 Rd7
28. c4 Nb4 29. Ra5 Rd3 30. cxb5 1/2-1/2

[Event "Landesklasse West 2013/2014"]
[Site "?"]
[Date "2014.01.12"]
[Round "5"]
[White "Hermann, Ingo"]
[Black "Ulbricht, Olaf"]
[Result "1-0"]
[WhiteElo "1822"]
[BlackElo "1605"]
[PlyCount "97"]
[EventDate "2014.??.??"]
[WhiteTeam "SV Breitenworbis"]
[BlackTeam "SV Wartburgstadt Eisenach"]

1. e4 e5 2. Nf3 Nc6 3. Nc3 d6 4. Bb5 Bd7 5. d4 Nxd4 6. Bxd7+ Qxd7 7. Nxd4 exd4
8. Qxd4 Nf6 9. Bf4 Nh5 10. Be3 Nf6 11. O-O-O h6 12. h3 Be7 13. e5 c5 14. Qf4
dxe5 15. Qxe5 Qe6 16. Qc7 Qb6 17. Qxb6 axb6 18. Rhe1 O-O 19. Bxh6 Rfe8 20. Bg5
Nd5 21. Bxe7 Nxe7 22. Rd7 Nc6 23. Rxe8+ Rxe8 24. Rxb7 Nd4 25. Rxb6 Ne2+ 26.
Nxe2 Rxe2 27. a4 Rxf2 28. a5 Rxg2 29. a6 Rg1+ 30. Kd2 Ra1 31. Ke3 Kh7 32. c3 f6
33. Ke4 Kg6 34. Kf4 Kh5 35. Kg3 f5 36. b4 Ra3 37. Kf4 g6 38. bxc5 Rxc3 39. a7
Rc4+ 40. Kg3 Ra4 41. Rb7 g5 42. c6 f4+ 43. Kg2 Ra2+ 44. Kf3 Ra3+ 45. Ke4 f3 46.
c7 f2 47. c8=Q Ra4+ 48. Ke3 f1=Q 49. Qh8+ 1-0

[Event "Landesklasse West 2013/2014"]
[Site "?"]
[Date "2014.01.12"]
[Round "5"]
[White "Hoppe, Hans-Jörg"]
[Black "Gast, Benedikt"]
[Result "0-1"]
[WhiteElo "1525"]
[BlackElo "1552"]
[PlyCount "124"]
[EventDate "2014.??.??"]
[WhiteTeam "SV Wartburgstadt Eisenach"]
[BlackTeam "SV Breitenworbis"]

1. c4 e5 2. Nc3 d6 3. g3 Nc6 4. Bg2 Be6 5. b3 Qd7 6. e3 g6 7. Nd5 Nd8 8. Ne2 c6
9. Ndc3 Bh3 10. O-O h5 11. d4 h4 12. dxe5 hxg3 13. e6 gxh2+ 14. Kh1 Bxg2+ 15.
Kxg2 Qxe6 16. Nf4 Qf6 17. Bb2 Qf5 18. Kh1 Nf6 19. Nce2 Be7 20. Ng3 Qg5 21. Ne4
Nxe4 22. Bxh8 f6 23. Qd3 Qf5 24. Kxh2 g5 25. f3 gxf4 26. Qxe4 Qh5+ 27. Kg2 Qxh8
28. Qg6+ Kd7 29. Rh1 Qf8 30. exf4 Ne6 31. Qf5 Qf7 32. Rae1 Qg6+ 33. Qxg6 Nxf4+
34. Kg3 Nxg6 35. Rh6 Rg8 36. Kf2 Ne5 37. Rd1 Nf7 38. Rh7 Ng5 39. Rhh1 Rg7 40.
Rdg1 Rh7 41. Rxh7 Nxh7 42. Rg7 Ng5 43. Rg8 Ne6 44. Ke3 Bd8 45. f4 Nc7 46. Rg7+
Kc8 47. Rg8 d5 48. cxd5 Nxd5+ 49. Kf3 Nb4 50. Rg2 Kd7 51. a3 Nd5 52. Rd2 Bc7
53. f5 Bd6 54. a4 Nb4 55. Kg4 Na6 56. Rd1 Nc5 57. Rb1 Kc7 58. Kf3 Kb6 59. Ke3
Be5 60. a5+ Kb5 61. b4 Na6 62. Ke4 Nxb4 0-1

[Event "Landesklasse West 2013/2014"]
[Site "?"]
[Date "2014.01.12"]
[Round "5"]
[White "Anisheva, Varvara"]
[Black "Krüger, Karsten"]
[Result "1-0"]
[WhiteElo "2010"]
[BlackElo "1242"]
[PlyCount "73"]
[EventDate "2014.??.??"]
[WhiteTeam "SC 51 Nordhausen"]
[BlackTeam "Schachverein Stützerbach"]

1. e4 e5 2. Nf3 Nc6 3. Bc4 h6 4. O-O Nf6 5. d4 exd4 6. e5 Ne4 7. Re1 Nc5 8.
Nxd4 Nxd4 9. Qxd4 Ne6 10. Qg4 b6 11. Nc3 Bb7 12. Be3 Qe7 13. Bd5 c6 14. Bb3 g5
15. Ne4 Bg7 16. Nd6+ Kd8 17. Nxb7+ Kc7 18. Nd6 Bxe5 19. Nf5 Qf6 20. c3 h5 21.
Qe4 Rag8 22. Bxb6+ axb6 23. Qxe5+ Qxe5 24. Rxe5 h4 25. a4 g4 26. Nd4 g3 27.
fxg3 hxg3 28. h3 Rg7 29. Bxe6 fxe6 30. Rxe6 c5 31. Nb5+ Kb7 32. Rd6 Re7 33. a5
Rhe8 34. Rxb6+ Kc8 35. Nd6+ Kd8 36. Nxe8 Rxe8 37. Rb8+ 1-0

[Event "Landesklasse West 2013/2014"]
[Site "?"]
[Date "2014.01.12"]
[Round "5"]
[White "Latussek, Paul"]
[Black "Schilling, Rolf"]
[Result "0-1"]
[WhiteElo "1448"]
[BlackElo "1922"]
[PlyCount "77"]
[EventDate "2014.??.??"]
[WhiteTeam "Schachverein Stützerbach"]
[BlackTeam "SC 51 Nordhausen"]

1. f4 e5 2. fxe5 d6 3. exd6 Bxd6 4. Nf3 Nf6 5. d4 O-O 6. Bg5 Re8 7. g3 h6 8.
Bxf6 Qxf6 9. Bg2 Qe7 10. Qd3 Nc6 11. c3 Bf5 12. Qd1 g5 13. Kf2 Qe3+ 14. Kf1 g4
15. Nh4 Be4 16. Bxe4 Qxe4 17. Ng2 Re6 18. Nd2 Qd5 19. e4 Qb5+ 20. Kf2 Rf6+ 21.
Ke3 Ne5 22. Qc2 Nf3 23. Rhf1 Qg5+ 24. Ke2 Re8 25. Nxf3 gxf3+ 26. Rxf3 Rxf3 27.
Kxf3 Qh5+ 28. Kf2 Qxh2 29. Qd3 Re6 30. e5 Be7 31. Qf3 Rg6 32. Rg1 c6 33. c4 h5
34. d5 Bc5+ 35. Ke2 Qxg1 36. d6 Qd4 37. Nf4 Qxe5+ 38. Kd2 Rxd6+ 39. Kc2 {ZÜ}
0-1

[Event "Landesklasse West 2013/2014"]
[Site "?"]
[Date "2014.01.12"]
[Round "5"]
[White "Königsmann, Marcus"]
[Black "Löhn, Marko"]
[Result "1-0"]
[WhiteElo "1883"]
[BlackElo "1564"]
[PlyCount "35"]
[EventDate "2014.??.??"]
[WhiteTeam "SC 51 Nordhausen"]
[BlackTeam "Schachverein Stützerbach"]

1. e4 d5 2. exd5 Nf6 3. d4 Nxd5 4. Nf3 Bf5 5. Bd3 Bxd3 6. Qxd3 e6 7. O-O Nc6 8.
Rd1 Be7 9. c4 Ndb4 10. Qb3 Na5 11. Qc3 c5 12. a3 Nbc6 13. d5 Bf6 14. Qc2 Nd4
15. Nxd4 Bxd4 16. Qa4+ Ke7 17. dxe6 fxe6 18. Bg5+ 1-0

[Event "Landesklasse West 2013/2014"]
[Site "?"]
[Date "2014.01.12"]
[Round "5"]
[White "Klesser, Robert"]
[Black "Reichardt, Hans-Ulrich"]
[Result "1-0"]
[WhiteElo "1812"]
[BlackElo "1693"]
[PlyCount "115"]
[EventDate "2014.??.??"]
[WhiteTeam "Schachverein Stützerbach"]
[BlackTeam "SC 51 Nordhausen"]

1. d4 d5 2. Nc3 Bf5 3. Bf4 e6 4. e3 c6 5. Bd3 Nf6 6. f3 Nbd7 7. Nge2 Nh5 8.
Bxf5 Nxf4 9. Nxf4 exf5 10. Qd3 g6 11. O-O-O Nf6 12. h4 Bd6 13. Nce2 Qc7 14. Kb1
O-O-O 15. c4 dxc4 16. Qxc4 Rhe8 17. Rd3 Bxf4 18. Nxf4 Nd5 19. Nxd5 Rxd5 20. Rc1
Qd7 21. Ra3 Kb8 22. Qa4 a6 23. Rb3 Ka7 24. Qc4 f4 25. e4 Rxd4 26. Qc5+ Ka8 27.
a3 Rd3 28. Rb4 Rd1 29. Rxd1 Qxd1+ 30. Ka2 Qd7 31. Rd4 Qc7 32. Qg5 b6 33. Qf6
Kb7 34. Rd6 a5 35. Qxf4 Re6 36. e5 Qe7 37. Rxe6 Qxe6+ 38. Ka1 h5 39. g4 hxg4
40. fxg4 Ka6 41. h5 gxh5 42. gxh5 Qd5 43. Qf1+ b5 44. h6 Qxe5 45. Qxf7 b4 46.
axb4 axb4 47. Qc4+ Ka5 48. Qxc6 Qd4 49. Qf3 Qg1+ 50. Ka2 Qc5 51. h7 Qc4+ 52.
Kb1 Qd4 53. Qh5+ Ka4 54. Qh1 Kb3 55. Qf3+ Ka4 56. b3+ Ka3 57. Qa8+ Kxb3 58.
Qa2+ 1-0

[Event "Landesklasse West 2013/2014"]
[Site "?"]
[Date "2014.01.12"]
[Round "5"]
[White "Hüllenhagen, Andreas"]
[Black "Handschuh, Franz"]
[Result "0-1"]
[WhiteElo "1657"]
[BlackElo "1807"]
[PlyCount "72"]
[EventDate "2014.??.??"]
[WhiteTeam "SC 51 Nordhausen"]
[BlackTeam "Schachverein Stützerbach"]

1. d4 Nf6 2. Nf3 e6 3. Nbd2 d5 4. e3 c5 5. c3 Nc6 6. Bd3 Bd6 7. O-O O-O 8. dxc5
Bxc5 9. e4 d4 10. Nb3 Bb6 11. e5 Nd5 12. c4 Nde7 13. Bxh7+ Kh8 14. Bc2 Nf5 15.
a3 a5 16. Qd3 g6 17. Bg5 f6 18. Bxf6+ Rxf6 19. exf6 Qxf6 20. g4 a4 21. Nbd2
Nfe7 22. c5 Bc7 23. g5 Qg7 24. Ne4 e5 25. Nf6 Bf5 26. Qe2 Rd8 27. Rad1 Nd5 28.
Nxd4 Nf4 29. Qf3 Nxd4 30. Rxd4 Rxd4 31. Bxf5 gxf5 32. h4 e4 33. Qh1 Rd3 34. f3
Rd2 35. Rb1 Ne2+ 36. Kf2 Ng3+ 0-1

[Event "Landesklasse West 2013/2014"]
[Site "?"]
[Date "2014.01.12"]
[Round "5"]
[White "Montag, Andreas"]
[Black "Mages, Horst"]
[Result "1/2-1/2"]
[WhiteElo "1690"]
[BlackElo "1713"]
[PlyCount "43"]
[EventDate "2014.??.??"]
[WhiteTeam "SC 51 Nordhausen"]
[BlackTeam "Schachverein Stützerbach"]

1. e4 e6 2. d4 d5 3. Nc3 Nc6 4. e5 Bb4 5. a3 Bxc3+ 6. bxc3 f6 7. f4 Qe7 8. Nf3
Qf7 9. Bd3 Nge7 10. O-O Bd7 11. Rb1 Na5 12. Qe2 O-O-O 13. Bd2 Bc6 14. Rfe1 f5
15. Rb2 b6 16. Reb1 Qg6 17. Be3 Nc4 18. Ra2 Kd7 19. a4 a5 20. Nd2 Nxe3 21. Qxe3
h5 22. h4 1/2-1/2